Statistics for U.S. Map Minesweeper Randomized (Intermediate)

Click here to take the quiz!

General Stats

  • This quiz has been taken 293 times
  • The average score is 18 of 20

Answers on the Map

Answers color-coded by a green-red scale on the quiz's map according to % correct below.
 

Answer Stats

State% Correct
Colorado
100%
Kansas
100%
Utah
100%
Alabama
98%
Arizona
98%
Florida
98%
South Dakota
98%
Tennessee
98%
Louisiana
97%
Kentucky
96%
New Hampshire
96%
Oregon
96%
Pennsylvania
96%
Connecticut
95%
Hawaii
95%
New Mexico
95%
New York
95%
North Carolina
95%
Texas
95%
Washington
95%
Alaska
94%
Arkansas
93%
California
93%
Illinois
93%
Maine
93%
Michigan
93%
Minnesota
93%
New Jersey
93%
Oklahoma
93%
Delaware
92%
Iowa
92%
Nebraska
92%
Vermont
92%
Wisconsin
92%
North Dakota
91%
South Carolina
91%
Virginia
91%
Georgia
90%
Massachusetts
90%
Nevada
90%
Ohio
90%
Rhode Island
90%
Montana
89%
Indiana
88%
Mississippi
88%
West Virginia
88%
Missouri
87%
Wyoming
87%
Idaho
85%
Maryland
84%

Score Distribution

Percentile by Number Answered

Percent of People with Each Score

Your Score History

You have not taken this quiz